Länder mit den meisten HIV-Infektionen - Statistiken

Allgemein
  • Dieses Quiz wurde 60 mal gespielt
  • Das Durchschnittsergebnis liegt bei 17 aus 25
Antwortstatistiken
Land Platz Anzahl % Korrekt
1. Südafrika 7,8 Mio.
91%
10. Vereinigte Staaten 1,1 Mio.
84%
13. China 0,97 Mio.
82%
17. Demokratische Republik Kongo 0,51 Mio.
80%
4. Nigeria 1,7 Mio.
80%
2. Indien 2,3 Mio.
79%
22. Ghana 0,35 Mio.
73%
14 Brasilien 0,93 Mio.
71%
6. Kenia 1,4 Mio.
70%
9. Simbabwe 1,3 Mio.
70%
23. Mexiko 0,34 Mio.
68%
6. Tansania 1,4 Mio.
68%
15. Äthiopien 0,62 Mio.
66%
18. Kamerun 0,5 Mio.
66%
3. Mosambik 2,1 Mio.
66%
11. Russland 1 Mio.
66%
23. Angola 0,34 Mio.
64%
20. Elfenbeinküste 0,38 Mio.
64%
21. Botswana 0,37 Mio.
63%
16. Indonesien 0,54 Mio.
61%
5. Sambia 1,5 Mio.
59%
6. Uganda 1,4 Mio.
59%
18. Thailand 0,5 Mio.
57%
12. Malawi 0,99 Mio.
55%
25. Lesotho 0,28 Mio.
48%
Keine übereinstimmenden Quizze gefunden
Verteilung der Resultate
Anzahl Personen mit jedem Resultat
Perzentil nach korrekt beantworteten Fragen
Ihre Resultats-Entwicklung
Sie haben dieses Quiz noch nicht gespielt